Electronic devices and circuit theory

This text is designed primarily for use in a two-semester or three-trimester sequence in the basic electronics area. It is expected that the student has taken a course in dc circuit analysis and has either taken or is taking a course in ac circuit analysis.

Saved in:
Bibliographic Details
Main Author: Boylestad, Robert
Format: Book
Language:Undetermined
Published: Englewood Cliffs, NJ Prentice-Hall 1987
Subjects:
Tags: Add Tag
No Tags, Be the first to tag this record!
Institutions: Trung tâm Học liệu Trường Đại học Cần Thơ
LEADER 00951nam a2200217Ia 4500
001 CTU_146312
008 210402s9999 xx 000 0 und d
082 |a 621.38 
082 |b B792 
100 |a Boylestad, Robert 
245 0 |a Electronic devices and circuit theory 
245 0 |c Robert Boylestad, Louis Nashelsky 
260 |a Englewood Cliffs, NJ 
260 |b Prentice-Hall 
260 |c 1987 
520 |a This text is designed primarily for use in a two-semester or three-trimester sequence in the basic electronics area. It is expected that the student has taken a course in dc circuit analysis and has either taken or is taking a course in ac circuit analysis. 
526 |a Mạch điện tử 
526 |b KC347 
650 |a Electronic circuits,Electronic apparatus and appliances,Mạch điện,Máy móc và thiết bị điện tử 
904 |i Qhieu 
980 |a Trung tâm Học liệu Trường Đại học Cần Thơ